WSL Top Goal Scorers 23-24 So Far - Statistics

General Stats
  • This quiz has been taken 193 times
  • The average score is 18 of 49
Answer Stats
Goals Scored Answer Club % Correct
5 Alessia Russo Arsenal
92%
13 Khadija Shaw Manchester City
90%
4 Beth Mead Arsenal
86%
3 Ella Toone Manchester United
86%
6 Lauren Hemp Manchester City
80%
12 Lauren James Chelsea
80%
4 Sam Kerr Chelsea
79%
6 Rachel Daly Aston Villa
75%
5 Chloe Kelly Manchester City
73%
4 Stina Blackstenius Arsenal
67%
4 Caitlin Foord Arsenal
64%
3 Katie McCabe Arsenal
63%
4 Grace Clinton Tottenham Hotspurs
57%
8 Nikita Parris Manchester United
57%
4 Rachel Williams Manchester United
54%
2 Fran Kirby Chelsea
48%
2 Frida Maanum Arsenal
46%
3 Guro Reiten Chelsea
45%
1 Katie Zelem Manchester United
43%
5 Aggie Beever-Jones Chelsea
38%
2 Sam Tierney Leicester City
34%
9 Elisabeth Terland Brighton & Hove Albion
33%
3 Erin Cuthbert Chelsea
33%
7 Martha Thomas Tottenham Hotspur
32%
6 Jill Roord Manchester City
30%
5 Melvin Malard Manchester United
30%
2 Cloe Lacasse Arsenal
27%
3 Carrie Jones Bristol City
25%
2 Lucía García Manchester United
25%
5 Viviane Asseyi West Ham United
25%
2 Johanna Kaneryd Chelsea
23%
1 Maya Le Tissier Manchester United
23%
4 Sjoeke Nüsken Chelsea
21%
2 Laura Coombs Manchester City
18%
2 Taylor Hinds Liverpool
18%
4 Celin Bizet Ildhusøy Tottenham Hotspurs
13%
3 Riko Ueki West Ham United
10%
3 Sophie Román Haug Liverpool
10%
7 Amalie Thestrup Bristol City
9%
3 Adrianna Leon Aston Villa
8%
2 Aurora Galli Everton
8%
2 Hailey Ladd Manchester United
8%
3 Janice Cayman Leicester City
8%
3 Megan Finnigan Everton
6%
4 Marie Therese Hobinger Liverpool
5%
2 Honoka Hayashi West Ham United
4%
4 Jutta Rantala Leicester City
4%
4 Lena Petermann Leicester City
3%
1 Risa Shimizu West Ham United
2%
No matching quizzes found
Score Distribution
Percent of People with Each Score
Percentile by Number Answered
Your Score History
You have not taken this quiz